| 000 | 01201cam a2200241 a 4500 | ||
|---|---|---|---|
| 005 | 20260519132938.0 | ||
| 008 | 070621s2007 enka b 001 0 eng d | ||
| 010 | _a 2007390970 | ||
| 015 |
_aGBA686323 _2bnb |
||
| 016 | 7 |
_a013573371 _2Uk |
|
| 020 | _a9781845298746 (pbk.) | ||
| 082 | 0 | 4 | _a338.9009 REI |
| 100 | 1 | _aReinert, Erik S. | |
| 245 | 1 | 0 |
_aHow rich countries got rich... and why poor countries stay poor / _cErik S. Reinert. |
| 260 |
_aLondon : _bConstable, _c2007. |
||
| 300 |
_axxix, 365 p. ; _c24 cm. |
||
| 365 | _bRS. 1,665.00 | ||
| 505 | _aIntroduction 1. Discovering types of economic theories; 2. The evolution of the two different approaches; 3. Emulation : how rich countries got rich; 4. Globalization : the arguments in favour are also the arguments against; 5. Globalization and primitivization : how the poor get even poorer; 6. Explaining away failure : red herrings at the end of history; 7. Palliative economics : why the millennium goals are a bad idea - 8. 'Get the economic activities right', or, the lost art of creating middle-income countries; | ||
| 650 | 0 | _aEconomic history | |
| 650 | 0 | _adevelopment | |
| 650 | 0 | _aGlobalization. | |
| 942 |
_2ddc _cBK |
||
| 999 |
_c214118 _d214118 |
||